Stati per produzione di orzo - Statistics

Statistiche generali
  • Questo quiz è stato fatto 11 volte
  • Il punteggio medio è 13 su 15
Statistiche sulle risposte
Continente Produzione (tonnellate) Stato % Corretto
Oceania 8 992 274 Australia
100%
America del Nord 8 704 300 Canada
100%
Europa 10 306 008 Francia
100%
Europa 10 730 500 Germania
100%
Europa 3 441 090 Polonia
100%
Europa 6 655 000 Regno Unito
100%
Asia / Europa 17 992 517 Russia
100%
Europa 7 979 590 Spagna
100%
America del Nord 4 338 850 Stati Uniti
100%
Asia / Europa 6 700 000 Turchia
100%
Europa 9 435 710 Ucraina
100%
America del Sud 3 308 384 Argentina
80%
Asia / Europa 3 231 268 Kazakistan
80%
Asia 2 907 572 Iran
60%
Europa 3 949 600 Danimarca
20%
Nessun quiz corrispondente trovato
Distribuzione punteggi
Percentuale di utenti per punteggio
Percentile per numero di risposta
I tuoi punteggi nel tempo
Non hai fatto questo quiz